000
00244nam a2200097Ia 4500
005
20251222114415.0
008
251222s1900||||xx |||||||||||||| ||spa||
082
_a
DVD0160/L43/2003
245
0
_a
Un hombre y una mujer:A man and a woman
942
_c
DVD
999
_c
2208
_d
2208